[Event "DRUGA LIGA CENTRALNE SRBIJE 2012 - Istok"]
[Site "Pozarevac, Hotel DUNAV"]
[Date "2012.09.15"]
[Round "2.51"]
[White "Dinic, Dragan"]
[Black "Dimitrijevic, Srdjan"]
[Result "1/2-1/2"]
[WhiteElo "2314"]
[BlackElo "2295"]
[PlyCount "0"]
[EventDate "2012.09.14"]

1.e4 c5 2.Nf3 Nc6 3.Bb5 g6 4.O-O Bg7 5.h3 Nf6 6.Nc3 O-O 7.d3
d6 8.Bxc6 bxc6 9.Be3 Rb8 10.Rb1 e5 11.Qd2 Nh5 12.Ne2 f5 13.Bg5
Qe8 14.Nh2 Rb7 15.f3 Be6 16.b3 Qd7 17.c3 1/2-1/2

[Event "DRUGA LIGA CENTRALNE SRBIJE 2012 - Istok"]
[Site "Pozarevac, Hotel DUNAV"]
[Date "2012.09.15"]
[Round "2.52"]
[White "Stankovic, Ivan G *"]
[Black "Panic, Milan"]
[Result "1/2-1/2"]
[WhiteElo "2217"]
[BlackElo "2274"]
[PlyCount "0"]
[EventDate "2012.09.14"]

1.c4 e6 2.Nc3 d5 3.cxd5 exd5 4.d4 c6 5.Nf3 Nf6 6.Bf4 Bd6 7.Bxd6 {+0.00}
Qxd6 8.e3 O-O 9.Bd3 Re8 10.Qc2 Nbd7 11.h3 Nf8 12.O-O-O Qe7 1/2-1/2

[Event "DRUGA LIGA CENTRALNE SRBIJE 2012 - Istok"]
[Site "Pozarevac, Hotel DUNAV"]
[Date "2012.09.15"]
[Round "2.53"]
[White "Vebel, Goran"]
[Black "Zivkovic, Nemanja **"]
[Result "0-1"]
[WhiteElo "2120"]
[BlackElo "2212"]
[PlyCount "0"]
[EventDate "2012.09.14"]

1.d4 Nf6 2.c4 e6 3.Nc3 d5 4.Bg5 Be7 5.e3 Nbd7 6.Nf3 a6 7.c5 Ne4
8.Bf4 g5 9.Bg3 h5 10.h3 Nxg3 11.fxg3 f5 12.Bd3 Bf6 13.Qa4 Kf7
14.O-O-O g4 15.Nd2 Bg5 16.Nf1 Nf6 17.Rd2 Bd7 18.Qb3 b6 19.cxb6
cxb6 20.Kb1 b5 21.Ne2 Qb6 22.Nf4 b4 23.Rf2 Qa5 24.Qd1 Ba4 25.Qe2
Bb5 26.Nd2 Bxf4 27.gxf4 h4 0-1

[Event "DRUGA LIGA CENTRALNE SRBIJE 2012 - Istok"]
[Site "Pozarevac, Hotel DUNAV"]
[Date "2012.09.15"]
[Round "2.54"]
[White "Krstic, Ranko"]
[Black "Stanojlovic, Vladimir *"]
[Result "1-0"]
[WhiteElo "2208"]
[BlackElo "2117"]
[PlyCount "0"]
[EventDate "2012.09.14"]

1.d4 Nf6 2.c4 e6 3.Nf3 b6 4.g3 Bb7 5.Bg2 Be7 6.Nc3 d5 7.O-O Nbd7
8.cxd5 exd5 9.Qb3 O-O 10.Bf4 Re8 11.Rac1 Nf8 12.Nb5 Ne6 13.Bxc7
Nxc7 14.Nxc7 Bd6 15.Nxe8 Qxe8 16.Rfd1 Qd7 17.a3 Re8 18.e3 Qf5 1-0

[Event "DRUGA LIGA CENTRALNE SRBIJE 2012 - Istok"]
[Site "Pozarevac, Hotel DUNAV"]
[Date "2012.09.15"]
[Round "2.56"]
[White "Jovanovic, Boban"]
[Black "Velikic, Vule"]
[Result "1-0"]
[WhiteElo "2174"]
[BlackElo "1807"]
[PlyCount "0"]
[EventDate "2012.09.14"]

1.Nf3 Nf6 2.c4 d6 3.d4 g6 4.Nc3 Bg7 5.e4 O-O 6.h3 e5 7.dxe5 dxe5
8.Qxd8 Rxd8 9.Bg5 Re8 10.O-O-O Nc6 11.Be3 a6 12.Nd5 Nxd5 13.exd5
Nd8 14.c5 Bf8 15.Bc4 h6 16.Nd2 Kg7 17.Rhe1 f6 18.f3 Nf7 19.Ne4
Bd7 20.Nc3 Rac8 21.a4 Red8 22.b4 Be8 23.Kb2 Rb8 24.Kb3 h5 25.g4
h4 26.Ne4 g5 27.Nc3 Nh8 28.Rd2 Ng6 29.Ne2 Bf7 30.Red1 Rbc8 31.c6
bxc6 32.dxc6 Bxc4+ 33.Kxc4 Rxd2 34.Rxd2 Bd6 35.b5 axb5+ 36.axb5
Ra8 37.Rxd6 cxd6 38.b6 Ne7 39.b7 Rb8 40.Kb5 Nd5 41.Ba7 Nc7+ 42.Ka5
Re8 43.b8Q Rxb8 44.Bxb8 Ne6 45.Bxd6 Kf7 46.c7 Nxc7 47.Bxc7 Ke6
48.Nc3 f5 49.Bd8 1-0

[Event "DRUGA LIGA CENTRALNE SRBIJE 2012 - Istok"]
[Site "Pozarevac, Hotel DUNAV"]
[Date "2012.09.15"]
[Round "2.57"]
[White "Milutinovic, Bojan"]
[Black "Lepojevic, Nebojsa"]
[Result "1/2-1/2"]
[WhiteElo "1813"]
[BlackElo "2076"]
[PlyCount "0"]
[EventDate "2012.09.14"]

1.e4 c5 2.Nf3 a6 3.c4 e6 4.Nc3 Qc7 5.d4 cxd4 6.Nxd4 Nf6 7.a3
Nc6 8.Nxc6 dxc6 9.Be2 Bd6 10.h3 O-O 11.O-O e5 12.Be3 Qe7 13.Qc2
Be6 14.Rfd1 Bc5 15.Bxc5 Qxc5 16.b4 Qe7 17.c5 Rad8 18.Na4 Rxd1+
19.Rxd1 Rd8 1/2-1/2

[Event "DRUGA LIGA CENTRALNE SRBIJE 2012 - Istok"]
[Site "Pozarevac, Hotel DUNAV"]
[Date "2012.09.15"]
[Round "2.58"]
[White "Dimitrijevic, Stefan **"]
[Black "Petrovic, Petar **"]
[Result "1/2-1/2"]
[WhiteElo "1789"]
[BlackElo "1631"]
[PlyCount "0"]
[EventDate "2012.09.14"]

1.Nf3 d5 2.d4 Nf6 3.e3 Nbd7 4.b3 e6 5.Bb2 Bd6 6.Be2 c6 7.Nbd2
Qc7 8.h3 O-O 9.c4 b6 10.Rc1 Re8 11.O-O Bb7 12.Qc2 Rac8 13.Rfd1
e5 14.dxe5 Nxe5 15.cxd5 Nxd5 16.Ne4 Nxf3+ 17.Bxf3 Be5 18.Ng5
Nf6 19.Bh5 g6 20.Be2 h6 21.Nf3 Bxb2 22.Qxb2 Qe7 23.Rd2 Red8 24.Rcd1
Rxd2 25.Rxd2 c5 26.Qe5 Re8 27.Qf4 Kg7 28.Rd6 Nd5 29.Qg3 Nxe3
30.Nh4 Bxg2 31.fxe3 Be4 32.Rd1 g5 33.Rf1 Kh7 34.Nf5 Bxf5 35.Rxf5
Qxe3+ 36.Qxe3 Rxe3 37.Bc4 Kg6 38.Rxf7 Kh5 39.Kh2 Kh4 40.Bf1 Rc3
41.Re7 h5 42.Re4+ g4 43.hxg4 hxg4 44.Be2 Rh3+ 45.Kg2 Rg3+ 46.Kf2
Kh3 47.Bf1+ Kh2 48.Rf4 Rg1 1/2-1/2